ბათუმის შოთა რუსთაველის სახელმწიფო უნივერსიტეტის ბიბლიოთეკა

The Course of Faculty (Analitical) Surgery in Pictures, Tables and Schemes. (ბიბ.ჩანაწერი № 57675)

000 -LEADER
fixed length control field 00644nam a22001937a 4500
005 - DATE AND TIME OF LATEST TRANSACTION
control field 20200902140746.0
008 - FIXED-LENGTH DATA ELEMENTS--GENERAL INFORMATION
fixed length control field 200902s2017 enk||||| |||| 00| 0 eng d
020 ## - INTERNATIONAL STANDARD BOOK NUMBER
International Standard Book Number 9785970439272
041 ## - LANGUAGE CODE
Language code of text/sound track or separate title eng
080 ## - UNIVERSAL DECIMAL CLASSIFICATION NUMBER
Universal Decimal Classification number 617-086 L-16
100 ## - MAIN ENTRY--PERSONAL NAME
Personal name Lagoon, Mikhail Abramovich
9 (RLIN) 9384
245 ## - TITLE STATEMENT
Title The Course of Faculty (Analitical) Surgery in Pictures, Tables and Schemes.
Statement of responsibility, etc. Mikhail Abramovich Lagoon, Kharitonov B.S.
264 ## - PRODUCTION, PUBLICATION, DISTRIBUTION, MANUFACTURE, AND COPYRIGHT NOTICE
Place of production, publication, distribution, manufacture Moscow ;
Name of producer, publisher, distributor, manufacturer GEOTAR-Media,
Date of production, publication, distribution, manufacture, or copyright notice 2017.
300 ## - PHYSICAL DESCRIPTION
Extent 436 p.
Other physical details 30 cm.
653 ## - INDEX TERM--UNCONTROLLED
keyword მედიცინა
653 ## - INDEX TERM--UNCONTROLLED
keyword ქირურგია
700 ## - ADDED ENTRY--PERSONAL NAME
Personal name Kharitonov, B.S.
Relator term ავტორი
9 (RLIN) 9385
942 ## - ADDED ENTRY ELEMENTS (KOHA)
Source of classification or shelving scheme
Koha item type წიგნი
ეგზემპლარები
Withdrawn status Lost status Source of classification or shelving scheme Damaged status Not for loan Permanent Location Current Location Shelving location Date acquired Cost, normal purchase price Full call number Barcode Date last seen Copy number Price effective from Koha item type Public note
          ბათუმის შოთა რუსთაველის სახელმწიფო უნივერსიტეტის მთავარი ბიბლიოთეკა ბათუმის შოთა რუსთაველის სახელმწიფო უნივერსიტეტის მთავარი ბიბლიოთეკა წიგნსაცავი 2020-09-02 369.00 617-086 L-16 60999 2020-09-02 60999 2020-09-02 წიგნი 369 ლ.